Top Fishing Countries Quiz Stats

 Plays Quiz Updated Dec 12, 2017

Score 0/20 Timer 05:00
1 Play Today
Metric Tons Country % Correct
5,464,764United States
98.7%
65,201,339China
97.4%
4,164,083Japan
96.1%
4,608,312Russia
90.7%
10,078,405India
89.9%
1,678,765Mexico
87.5%
10,827,785Indonesia
80%
3,674,537Norway
77.9%
2,832,423Chile
75.4%
2,128,353South Korea
74.1%
Metric Tons Country % Correct
6,195,692Vietnam
73.5%
2,590,146Thailand
72.2%
2,933,300Philippines
65%
1,738,179Malaysia
63.9%
1,317,349Iceland
59.1%
4,824,050Peru
56.6%
1,518,943Egypt
48.8%
2,950,816Myanmar
43.7%
3,684,245Bangladesh
42.7%
1,364,643Morocco
36.8%

You're not logged in!

Compare scores with friends on all Sporcle quizzes.
OR
Log In

Sporcle TV

Today on Sporcle TV


Watch our educational content, quiz creation guides, and fun videos on Sporcle TV.

Show Comments

Extras

Top Quizzes Today


Score Distribution

Your Account Isn't Verified!

In order to create a playlist on Sporcle, you need to verify the email address you used during registration. Go to your Sporcle Settings to finish the process.

Report this User

Report this user for behavior that violates our Community Guidelines.

Details: